00680nam a2200169 a 450000100100000000500170001000800410002704000250006808200150009310000300010824500620013826000360020030000350023695201080027195201140037999900170049300003596520200930074747.0111121s1995 dr ac 000 0 spa d aDO-SdBNPbspacBNPHU axxxcL166p1 aLafontaine, José96199110aPeripecias de un locutor de tercera /cJosé Lafontaine. aSanto Domingo :bTaller,c1995. a157 p. :bil., retr. ;c21 cm. 0010718PDaPDbPDcCTd2011-11-21iLF1l0oxxx p35965-10r2020-06-25w2020-06-25yLFPDZNo se presta 0010718PDaPDbPDcCTd2011-11-21iLF1l0oxxx p35965-20r2020-06-25te. 2w2020-06-25yLFPDZNo se presta c35456d35456